CIA and the third world: a study in crypto-diplomacy (Record no. 353659)

000 -LEADER
fixed length control field 00350cam a22001217a 4500
008 - FIXED-LENGTH DATA ELEMENTS--GENERAL INFORMATION
fixed length control field 180718b1981 xxu||||| |||| 00| 0 eng d
082 ## - DEWEY DECIMAL CLASSIFICATION NUMBER
Classification number N21x73 Sa83
100 ## - MAIN ENTRY--PERSONAL NAME
Personal name Satish, Kumar
245 ## - TITLE STATEMENT
Title CIA and the third world: a study in crypto-diplomacy
Statement of responsibility, etc. by Satish Kumar
260 ## - PUBLICATION, DISTRIBUTION, ETC.
Place of publication, distribution, etc. Delhi
Name of publisher, distributor, etc. Vikas
Date of publication, distribution, etc. 1981
300 ## - PHYSICAL DESCRIPTION
Extent 200p.
650 ## - SUBJECT ADDED ENTRY--TOPICAL TERM
Topical term or geographic name entry element Secret service - U.S.A.
Holdings
Withdrawn status Lost status Damaged status Not for loan Permanent Location Current Location Date acquired Full call number Barcode Date last seen Price effective from Koha item type
        Indian Institute of Public Administration Indian Institute of Public Administration 1993-12-04 N21x73 Sa83 57127 2018-07-21 2018-07-21 Book

Powered by Koha